000 00759nas a2200229 4500
001 BR9211308
003 BR-BrBNA
005 20231205093448.0
007 ta
008 230509b bl.|||p| |||| 00| 00por d
040 _aBR-BrBNA
_bpor
_cBiblioteca Nacional de Agricultura
041 _a(Pt)
072 _aL60
100 1 _aCarvalho, J.C.M.
100 1 _aFelippe, M.L.
245 1 _aMirideos neotropicais, 235: descricao de novo genero e notas taxonomicas sobre especies sulamericanas (Hemiptera)
650 _aTAXONOMIA ANIMAL
650 _aDISTRIBUICAO GEOGRAFICA
773 0 _tRevista Brasileira de Biologia (Brazil)
_xISSN 0034-7108
_g(Aug 1983), v. 43(3) p. 277-282
_wBR9211308
909 _a202311
_bLúcia
_c55
_dLúcia Elande
942 _2AGRIS
_n0
_cANA
999 _c138517
_d138517